[Event "Katerini GP"]
[Site "Katerini"]
[Date "1993.??.??"]
[Round "5"]
[White "Tzermiadianos, Andreas"]
[Black "Arduman, Can"]
[Result "1-0"]
[WhiteElo "2315"]
[BlackElo "2355"]

1.e4 g6 2.d4 d6 3.Nc3 Bg7 4.f4 Nf6 5.Nf3 O-O 6.Bd3 Nc6 7.e5 dxe5 8.dxe5 Nd5
9.O-O Nb6 10.Be3 f6 11.Qe1 Bg4 12.Rd1 Qc8 13.Qh4 Bf5 14.Bxb6 axb6 15.Nd5 Bxd3
16.Rxd3 Ra4 17.b3 Rxa2 18.Nd4 Re8 19.Nxc6 bxc6 20.Nxe7+ Rxe7 21.exf6 Re8
22.f5 Bxf6 23.Qxf6 Rf8 24.Qh4 Rxc2 25.Re3 Rxf5 26.Rfe1 Qf8 27.Re7 Rf7 28.h3 Rc5
29.Re8 Rf1+ 30.Kh2 Rxe1 31.Qxe1 Qxe8 32.Qxe8+ Kg7 33.Qe7+ Kh6 34.Qxc7 b5
35.Qd6 Rc2 36.Qd3  1-0

[Event "Katowice op"]
[Site "Katowice"]
[Date "1993.??.??"]
[Round "3"]
[White "Kengis, Edvins"]
[Black "Kirilov, Valentins"]
[Result "1-0"]
[WhiteElo "2555"]
[BlackElo "2360"]

1.e4 g6 2.d4 Bg7 3.Nc3 d6 4.Be2 Nc6 5.Be3 Nf6 6.h3 O-O 7.Nf3 e5 8.dxe5 Nxe5
9.O-O Be6 10.Re1 Nc4 11.Bc1 Nb6 12.Nd4 Bc4 13.Bg5 h6 14.Bh4 Qd7 15.Bf3 Rfe8
16.a4 c5 17.Nb3 Be6 18.e5 dxe5 19.Nxc5 Qc7 20.Bxf6 Bxf6 21.Nxe6 Rxe6 22.a5 Nc4
23.Nd5 Qd8 24.a6 Rb8 25.axb7 Bg7 26.Nb4 Qb6 27.Na6  1-0

[Event "Katowice op"]
[Site "Katowice"]
[Date "1993.??.??"]
[Round "5"]
[White "Kocwin, Bartosz"]
[Black "Belov, Igor"]
[Result "0-1"]
[WhiteElo "2310"]
[BlackElo "2440"]

1.e4 g6 2.d4 d6 3.Nc3 Bg7 4.Be3 c6 5.Qd2 b5 6.Bd3 Nd7 7.f3 Ngf6 8.h4 h5 9.Nh3 O-O
10.Ng5 e5 11.dxe5 dxe5 12.O-O-O Qe7 13.Kb1 Bb7 14.Qf2 Rfd8 15.Rhg1 a6 16.Ne2 Rac8
17.g4 c5 18.c4 Nf8 19.Ng3 hxg4 20.h5 Ne6 21.hxg6 fxg6 22.Qh2 Nf4 23.Bc2 bxc4
24.Rxd8+ Rxd8 25.Nf1 Bc8 26.Nd2 N6h5 27.fxg4 Qxg5 28.gxh5 Qxh5 29.Bxf4 Qxh2
30.Bxh2 Rxd2 31.Bg3 Bb7 32.Be1 Re2 33.Bc3 Kf7 34.Rf1+ Ke7 35.Rg1 Bf6 36.Kc1 g5
37.Bd2 Bxe4 38.Bxe4 Rxe4 39.Bxg5 Bxg5+ 40.Rxg5 Re2 41.Rg6 c3 42.bxc3 Rxa2
43.Rc6 Ra5 44.Kd2 Kd7 45.Rh6 Ra4 46.Kd3 a5 47.Ra6 e4+ 48.Ke3 Rc4 49.Rxa5 Rxc3+
50.Kd2 Rd3+ 51.Kc2 Kc6 52.Ra8 Kd5 53.Rd8+ Kc4 54.Re8 Kd4 55.Rd8+ Ke3 56.Rc8 Rd5
57.Rh8 Rf5 58.Rc8 Kf2 59.Kd1 e3 60.Re8 c4  0-1

[Event "Katowice op"]
[Site "Katowice"]
[Date "1993.??.??"]
[Round "9"]
[White "Dmitriev, Igor"]
[Black "Belov, Igor"]
[Result "1/2-1/2"]
[WhiteElo "2280"]
[BlackElo "2440"]

1.e4 g6 2.d4 d6 3.Nc3 Bg7 4.h3 Nf6 5.g4 O-O 6.Bg2 e5 7.Nge2 Nc6 8.Be3 h5
9.g5 Nh7 10.dxe5 dxe5 11.Qxd8 Nxd8 12.Nd5 Ne6 13.h4 Re8 14.Bh3 Nhf8 15.O-O-O c6
16.Bxe6 Nxe6 17.Nf6+ Bxf6 18.gxf6 Nf8 19.Rd6 Bg4 20.Ng1 Nh7 21.Nh3 Bxh3 22.Rxh3 Rad8
23.Rxd8 Rxd8 24.Bc5 Rd7 25.Bxa7 Nxf6 26.f3 Ne8 27.Rg3 Kg7 28.Rg2 f6 29.Be3 Kf7
30.a4 Ng7 31.b3 Ne6 32.Rg1 Nd4 33.Rf1 Ke6 34.Kb2 f5 35.Rg1 Kf6 36.exf5 Nxf5
37.Bg5+ Ke6 38.a5 Nd4 39.Be3 Kf5 40.Rg3 Ne6 41.Rg1 Nd4 42.Rg3 Kf6 43.Rh3 Ke6
44.b4 Nf5 45.Bc5 Rd2 46.Kb3 Rd1 47.c4 Rd3+ 48.Kc2 e4 49.b5 cxb5 50.cxb5 Rd5
51.Bb6 e3 52.a6 bxa6 53.bxa6 Rd2+ 54.Kc3 Ne7 55.Bxe3 Ra2 56.a7 Nc6 57.Rg3 Kf6
58.Rg5 Nxa7 59.Bd4+ Kf7 60.Rc5 Ke6 61.f4 Ra6 62.Re5+ Kf7 63.f5 Nc6 64.fxg6+ Kxg6
65.Rg5+ Kf7  1/2-1/2

[Event "Kecskemet2"]
[Site "Kecskemet"]
[Date "1993.??.??"]
[Round "4"]
[White "Groszpeter, Attila"]
[Black "Vadasz, Laszlo"]
[Result "1/2-1/2"]
[WhiteElo "2515"]
[BlackElo "2400"]

1.e4 g6 2.d4 Bg7 3.Nc3 d6 4.Be2 Nf6 5.Nf3 O-O 6.O-O c6 7.h3 Nbd7 8.e5 dxe5
9.dxe5 Nd5 10.Nxd5 cxd5 11.Bf4 Qc7 12.Qxd5 Qxc2 13.Bb5 Nb6 14.Qd4 Bf5 15.Rfd1 Rac8
16.Rac1 Qe4 17.Bg5 f6 18.Rxc8 Nxc8 19.Bc4+ Kh8 20.exf6 exf6 21.Be3 Nb6 22.Bb3 Qc6
23.Rc1 Qd7 24.Qxd7 Bxd7 25.Rc7 Bc6 26.Nd4 Nd5 27.Rxg7 Kxg7 28.Ne6+ Kf7 29.Nxf8 Kxf8
30.Bxa7 Ke7 31.g3 Kd6 32.Bd4 f5 33.f4 Nb4 34.Bg8 Be8 35.Bxh7 Bf7 36.a3 Nd5
37.Kf2 Ke6 38.b4 Nf6 39.Bxf6 Kxf6 40.Ke3 b5 41.Kd4 Kg7 42.Bxg6 Kxg6 43.Ke5 Bb3
44.Kd6 Bc2 45.Kc5 Ba4 46.g4 Kf6 47.Kc6 Kg6 48.Kb6 Kf6 49.Ka6 Kg6 50.Ka5 Kf6
51.Kb6 Kg6 52.Kc6 Kf6 53.Kc5 Kg6 54.Kd6 Bd1 55.g5 Bc2 56.Ke5 Bb3 57.Kd4 Bc2
58.Kc5 Ba4 59.Kb6 Kh5 60.Kc6 Kg6 61.Kc5 Kh5 62.Kd6 Kg6 63.Ke5 Bb3  1/2-1/2

[Event "Kecskemet2"]
[Site "Kecskemet"]
[Date "1993.??.??"]
[Round "6"]
[White "Videki, Sandor"]
[Black "Vadasz, Laszlo"]
[Result "1/2-1/2"]
[WhiteElo "2385"]
[BlackElo "2400"]

1.e4 g6 2.d4 Bg7 3.Nc3 d6 4.Be3 c6 5.Qd2 b5 6.Bd3 Nd7 7.f4 Bb7 8.Nf3 a6 9.O-O c5
10.Rae1 cxd4 11.Nxd4 Ngf6 12.Kh1 O-O 13.Bg1 Nc5 14.b4 Nxd3 15.cxd3 Rc8 16.a4 bxa4
17.Nxa4 Qc7 18.Rc1 Qb8 19.Nb3 Nd7 20.Na5 Ba8 21.Nc4 Rc6 22.Rb1 Rfc8 23.Nc3 R6c7
24.Rfe1 e6 25.Nd1 d5 26.exd5 Bxd5 27.Nde3 Nf6 28.b5 axb5 29.Nd6 Rd8 30.Rxb5 Qa8
31.Reb1 Rcd7 32.Nxd5 Nxd5 33.Nb7 Nc3 34.Nxd8 Nxb1 35.Rxb1 Rxd8 36.Rb3 Qd5
37.Qc2 h5 38.h3 Bf6 39.Be3 Kg7 40.Ra3 Rb8 41.Qc5 Qxc5 42.Bxc5 h4 43.Kg1 Rb2
44.Kf1 Rc2  1/2-1/2

[Event "Komotini GP"]
[Site "Komotini"]
[Date "1993.??.??"]
[Round "4"]
[White "Metaxas, Petros"]
[Black "Gurieli, Nino"]
[Result "1/2-1/2"]
[WhiteElo "2225"]
[BlackElo "2355"]

1.e4 d6 2.d4 g6 3.Nc3 Bg7 4.Nf3 Bg4 5.Be2 Nc6 6.d5 Bxf3 7.gxf3 Nd4 8.Be3 c5
9.f4 a6 10.a4 Qb6 11.Ra2 Nxe2 12.Kxe2 Nf6 13.f3 Nh5 14.Qd2 O-O 15.f5 Rae8
16.Bh6 Qb4 17.Bxg7 Kxg7 18.a5 Qd4 19.Qxd4+ cxd4 20.Nd1 Nf4+ 21.Kd2 gxf5 22.Ra4 fxe4
23.Rxd4 f5 24.Ke3 e5 25.dxe6 Nxe6 26.Rxd6 f4+ 27.Kxe4 Ng5+ 28.Kd3 Nxf3 29.Rd7+ Kg6
30.Rxb7 Rd8+ 31.Kc3 Rc8+ 32.Kb4 Rxc2 33.Rb6+ Kf5 34.Rxa6 Rd8 35.Rh6 Rcd2
36.Rf1 Nxh2 37.Rh1 Nf3 38.Rxh7 Rxd1 39.Rxd1 Rxd1 40.a6 Ra1 41.Kb5 Ne5 42.Kb6 f3
43.Rh2 Nd7+ 44.Ka7 Nc5 45.Rh5+ Ke4 46.Rxc5 f2 47.Rc4+ Kd5 48.Rf4 f1=Q 49.Rxf1 Rxf1
50.Kb7 Kc5 51.a7 Rf7+ 52.Ka6 Rf6+ 53.Kb7 Rb6+ 54.Kc7 Ra6 55.Kb7  1/2-1/2

[Event "Komotini GP"]
[Site "Komotini"]
[Date "1993.??.??"]
[Round "5"]
[White "Gurieli, Nino"]
[Black "Delithanasis, Dimitrios"]
[Result "1-0"]
[WhiteElo "2355"]
[BlackElo "2215"]

1.d4 g6 2.e4 Bg7 3.Nc3 d6 4.Be3 Nf6 5.f3 c6 6.Qd2 b5 7.g4 Bb7 8.h4 Nbd7 9.h5 Rg8
10.Nh3 Nb6 11.Ng5 gxh5 12.gxh5 Bh6 13.Nxh7 Nxh7 14.Bxh6 Qc7 15.O-O-O b4 16.Nb1 a5
17.Bd3 e5 18.dxe5 dxe5 19.Be3 O-O-O 20.Qf2 Nd7 21.Bc4 Rdf8 22.Bh6 Nb6 23.Bxf8 Nxc4
24.Bc5 f5 25.b3 Qf7 26.bxc4 Qxc4 27.Rhg1 Qxa2 28.Rxg8+ Qxg8 29.Bb6  1-0

[Event "Komotini GP"]
[Site "Komotini"]
[Date "1993.??.??"]
[Round "6"]
[White "Kondou, Eva"]
[Black "Nikolic, Stanimir"]
[Result "0-1"]
[WhiteElo "2215"]
[BlackElo "2325"]

1.e4 g6 2.d4 Bg7 3.Nc3 d6 4.f4 Nd7 5.Nf3 c6 6.Be3 b5 7.Bd3 Ngf6 8.e5 Ng4
9.Bg1 Nb6 10.h3 Nh6 11.g4 b4 12.Ne4 f5 13.exf6 exf6 14.Ng3 Qe7+ 15.Qe2 Qxe2+
16.Nxe2 f5 17.g5 Nf7 18.Be3 Be6 19.O-O-O a5 20.Kb1 O-O 21.Rhe1 Rfe8 22.Ng3 Bd5
23.Nh4 Be6 24.Bf2 Nd5 25.Ng2 a4 26.Rd2 a3 27.Rde2 Nc7 28.b3 d5 29.c3 bxc3
30.Rc1 Nd6 31.Rxc3 Bd7 32.Rxe8+ Rxe8 33.Ne2 Ne4 34.Bxe4 fxe4 35.h4 Nb5 36.Rg3 c5
37.dxc5 d4 38.Kc1 d3 39.Ng1 Nc3 40.Be3 Nxa2+  0-1

[Event "Komotini GP"]
[Site "Komotini"]
[Date "1993.??.??"]
[Round "8"]
[White "Thorhallsson, Throstur"]
[Black "Nikolic, Stanimir"]
[Result "1-0"]
[WhiteElo "2440"]
[BlackElo "2325"]

1.e4 g6 2.d4 Bg7 3.Nc3 d6 4.f4 c6 5.Nf3 Bg4 6.Be3 Qb6 7.Qd2 Bxf3 8.gxf3 Nf6
9.O-O-O d5 10.f5 gxf5 11.Rg1 Bf8 12.e5 Nfd7 13.e6 fxe6 14.Qe1 Na6 15.Bf4 c5
16.Bxa6 Qxa6 17.dxc5 Rc8 18.Kb1 h5 19.Be5 Nxe5 20.Qxe5 Rh6 21.Rg8 Rf6 22.Ne2 Rxc5
23.Nf4 Qc4 24.c3 d4 25.Qxd4 Qxd4 26.cxd4 Rc8 27.Nd3 Rf7 28.Rdg1 Rd8 29.Ne5 Rxd4
30.Nxf7 Kxf7 31.Rh8 e5 32.Rh7+ Kf6 33.Rg8 Rd8 34.Rxh5 e6 35.Rhh8 Kf7 36.Kc2 e4
37.fxe4 f4 38.e5 f3 39.Rxf8+ Rxf8 40.Rxf8+ Kxf8 41.Kd3 Kg7 42.Ke3 Kg6 43.Kxf3 Kf5
44.h4 Kxe5 45.Kg4 Kf6 46.Kf4 a5 47.a4 Kg6 48.Ke5 Kh5 49.Kxe6 Kxh4 50.Kd6 Kg4
51.Kc7  1-0

[Event "Kurgan"]
[Site "Kurgan"]
[Date "1993.??.??"]
[Round "?"]
[White "Magomedov, Magaram"]
[Black "Asanov, Bolat"]
[Result "1/2-1/2"]
[WhiteElo "2435"]
[BlackElo "2385"]

1.e4 g6 2.d4 Bg7 3.Nc3 d6 4.Be3 a6 5.Qd2 b5 6.Bd3 Nd7 7.O-O-O Bb7 8.f4 Ngf6
9.e5 b4 10.Nce2 Ng4 11.Nf3 Nxe3 12.Qxe3 Nb6 13.e6 fxe6 14.Ng5 Qd7 15.Nxe6 Bf6
16.f5 g5 17.h4 Nd5 18.Qe4 gxh4 19.Bc4 c6 20.N2f4 Nxf4 21.Qxf4 h5 22.g4 hxg4
23.Qxg4 Qc8 24.Nc5 d5 25.Be2 Kd8 26.Rd3 Qb8 27.Rb3 Bc8 28.c4 a5 29.cxd5 a4
30.Re3 cxd5 31.Kb1 a3 32.b3 Qd6 33.Re6 Qg3 34.Rc6 Qxg4 35.Bxg4 Rg8 36.Bh3 Bxd4
37.Rxc8+ Kxc8 38.f6+ Kb8 39.f7 Rh8 40.Ne6 Bf6 41.f8=Q+ Rxf8 42.Nxf8 Kc7 43.Nh7 Bc3
44.Rg1 Rh8 45.Ng5 e5 46.Ne6+ Kb8 47.Rg7 Rc8 48.Rd7 Bb2 49.Rd8 Rxd8 50.Nxd8 Kc7
51.Nf7 Kc6 52.Kc2 Kc5 53.Ng5 e4 54.Kd2 Kd6 55.Nf7+ Kc5 56.Ng5 Kd4 57.Nf7 Bc3+
58.Ke2 Ba1 59.Kd2 Bc3+ 60.Ke2 Ba1 61.Kd2 e3+ 62.Ke2 Kc3 63.Ne5 Kb2 64.Nd3+ Kxa2
65.Nxb4+ Kxb3 66.Nxd5 Bd4 67.Nxe3 Bxe3 68.Kxe3 Kb2  1/2-1/2

[Event "Kurgan"]
[Site "Kurgan"]
[Date "1993.??.??"]
[Round "?"]
[White "Rashkovsky, Nukhim N"]
[Black "Asanov, Bolat"]
[Result "1-0"]
[WhiteElo "2525"]
[BlackElo "2385"]

1.e4 g6 2.d4 Bg7 3.Nc3 d6 4.Be3 a6 5.Qd2 b5 6.f3 Nd7 7.a4 b4 8.Nd1 Rb8 9.g4 c5
10.d5 Nb6 11.a5 Na8 12.Bc4 Nc7 13.Ne2 e6 14.dxe6 Bxe6 15.Bxe6 Nxe6 16.O-O h5
17.g5 Ne7 18.f4 f5 19.gxf6 Bxf6 20.Qd3 Rb5 21.Nf2 Bxb2 22.Rad1 Nc7 23.Qxd6 Qxd6
24.Rxd6 Bg7 25.Rfd1 Rxa5 26.Nh3 Kf8 27.Ng5 Ne8 28.Rb6 Bf6 29.Bxc5 Bxg5 30.Bxb4 Re5
31.fxg5 Rxe4 32.Ng3 Re3 33.Bc5 Rf3 34.Rd7  1-0

[Event "La Coruna op"]
[Site "La Coruna"]
[Date "1993.??.??"]
[Round "?"]
[White "Hernandez, Gilberto"]
[Black "Giaccio, Alfredo"]
[Result "1-0"]
[WhiteElo "2510"]
[BlackElo "2350"]

1.e4 g6 2.d4 Bg7 3.Nc3 d6 4.Nge2 c6 5.a4 Nf6 6.g3 O-O 7.Bg2 e5 8.O-O Na6
9.h3 exd4 10.Nxd4 Nc5 11.a5 Re8 12.Re1 d5 13.exd5 Rxe1+ 14.Qxe1 Nxd5 15.Nxd5 Bxd4
16.Qb4 Ne6 17.Ne7+ Kg7 18.a6 Bc5 19.axb7 Bxb7 20.Qxb7 Bxe7 21.c3 Nc5 22.Qxc6 Rc8
23.Qd5 Nd3 24.Be3 Bc5 25.Qxd8 Rxd8 26.Bxc5 Nxc5 27.b4 Nb3 28.Rxa7 Rd1+ 29.Kh2 Rd2
30.Ra3 Nc1 31.b5 Rxf2 32.b6 Rb2 33.b7 Nd3 34.Ra8 Ne5 35.b8=Q  1-0

[Event "Las Palmas op"]
[Site "Las Palmas"]
[Date "1993.??.??"]
[Round "?"]
[White "Ochoa de Echaguen, F Javier"]
[Black "Shchekachev, Andrei"]
[Result "1-0"]
[WhiteElo "2450"]
[BlackElo "2475"]

1.e4 d6 2.d4 g6 3.Nc3 Bg7 4.Be3 c6 5.Qd2 Nd7 6.g4 b5 7.f3 h6 8.h4 Ngf6 9.Nge2 a6
10.Ng3 Nb6 11.b3 Qc7 12.a4 b4 13.Nd1 c5 14.Rc1 Nbd7 15.Rg1 Qb8 16.h5 cxd4
17.Bxd4 Ne5 18.Bxe5 dxe5 19.hxg6 fxg6 20.Bc4 e6 21.Nf2 Nh7 22.Nh3 Ra7 23.Ke2 Qb6
24.c3 Bf8 25.cxb4 Bxb4 26.Qxh6 Qd4 27.Qxg6+ Rf7 28.Bb5+ Bd7 29.Bxd7+ Qxd7
30.Rgd1 Bd6 31.Rxd6 Qxd6 32.Rc8+ Ke7 33.Rxh8 Nf8 34.Qg5+ Kd7 35.Qe3 Qc7 36.Qd3+ Ke7
37.Qc4 Qb6 38.Nf1 Ng6 39.Rc8 Kf6 40.Rc6  1-0

[Event "Las Palmas op"]
[Site "Las Palmas"]
[Date "1993.??.??"]
[Round "?"]
[White "Fernandez Garcia, Jose L"]
[Black "Todorcevic, Miodrag"]
[Result "1/2-1/2"]
[WhiteElo "2445"]
[BlackElo "2480"]

1.e4 g6 2.d4 Bg7 3.Nc3 d6 4.f4 Nf6 5.Nf3 O-O 6.Bd3 Na6 7.O-O c5 8.d5 Nc7
9.Qe1 Bg4 10.Qh4 Bxf3 11.Rxf3 e6 12.dxe6 Nxe6 13.Rh3 Nh5 14.Qxd8 Rfxd8 15.Nd5 Nf6
16.f5 Nd4 17.fxg6 hxg6 18.Bg5 Nxd5 19.exd5 c4 20.Bxd8 cxd3 21.Bg5 dxc2 22.Re1 b5
23.Rc3 a5 24.Kf1 Be5 25.Be3 b4 26.Rc4 Nf5 27.Rxc2 Bxh2 28.Bb6 Bg3 29.Bf2 Be5
30.g4 Nh6 31.Re4 Kg7 32.Kg2 Rb8 33.b3 Rb5 34.Rd2 Ng8 35.g5 Kf8 36.Bg3 Bxg3
37.Kxg3 Ne7 38.Kg4 Nf5 39.Kf4 Ne7 40.Kg4 Nf5 41.Kf4 Kg7 42.Re8 Rb7 43.Rh2 Ne7
44.Reh8 Ng8 45.R8h7+ Kf8 46.Rc2 Ne7 47.Ke4 Kg8 48.Rch2 Kf8 49.Rc2 Kg8  1/2-1/2

[Event "Las Palmas Pirez"]
[Site "Las Palmas"]
[Date "1993.??.??"]
[Round "5"]
[White "Castellano, Jose"]
[Black "Brito, Alfredo"]
[Result "1-0"]
[WhiteElo "2255"]
[BlackElo "2375"]

1.e4 g6 2.d4 Bg7 3.Nc3 d6 4.f4 a6 5.Nf3 b5 6.Bd3 Bb7 7.O-O b4 8.Ne2 Nf6 9.Ng3 c5
10.e5 Nd5 11.exd6 O-O 12.dxe7 Qxe7 13.dxc5 Qxc5+ 14.Kh1 Ne3 15.Bxe3 Qxe3
16.f5 a5 17.fxg6 hxg6 18.Re1 Qb6 19.Ne5 Qc7 20.Nc4 Nc6 21.Qe2 Rad8 22.Rad1 Nd4
23.Qf1 Rfe8 24.Ne4 Nf5 25.b3 Bd4 26.Ng5 Ne3 27.Nxe3 Bxe3 28.Nxf7 Rf8 29.Rxe3 Rxf7
30.Bc4 Bd5 31.Qe2 Bxc4 32.Rxd8+ Qxd8 33.bxc4 Qd2 34.h3 Qd4 35.Re8+ Kh7 36.Re7 Kg8
37.Qe6 Qf6 38.Qxf7+ Qxf7 39.Rxf7 Kxf7 40.h4 Ke6  1-0

[Event "Las Palmas3"]
[Site "Las Palmas"]
[Date "1993.??.??"]
[Round "7"]
[White "Magem Badals, Jorge"]
[Black "Krasenkow, Michal"]
[Result "1/2-1/2"]
[WhiteElo "2505"]
[BlackElo "2595"]

1.e4 g6 2.d4 Bg7 3.Nc3 d6 4.g3 Nc6 5.Be3 Nf6 6.h3 O-O 7.Bg2 e5 8.Nge2 a6
9.a4 b6 10.O-O Bb7 11.f4 exd4 12.Nxd4 Na5 13.Qd3 c5 14.Nde2 Re8 15.g4 Qe7
16.Ng3 d5 17.e5 Rad8 18.Bf2 Ne4 19.Ncxe4 dxe4 20.Qe2 e3 21.Qxe3 Nc4 22.Qe2 Bxg2
23.Kxg2 Nd2 24.Rfd1 Qb7+ 25.Kg1 Nf3+ 26.Kf1 Nh2+ 27.Kg1 Nf3+ 28.Kf1 Nh2+  1/2-1/2

[Event "Las Palmas Pirez"]
[Site "Las Palmas"]
[Date "1993.??.??"]
[Round "7"]
[White "Castellano, Jose"]
[Black "Todorcevic, Miodrag"]
[Result "0-1"]
[WhiteElo "2255"]
[BlackElo "2480"]

1.e4 g6 2.d4 Bg7 3.Nc3 d6 4.f4 Nf6 5.Nf3 O-O 6.Be2 c5 7.dxc5 Qa5 8.O-O Qxc5+
9.Kh1 Nc6 10.Qe1 a6 11.Bd3 Qa5 12.Qh4 Qh5 13.Qf2 Nb4 14.Be2 Bg4 15.Bd1 Rac8
16.Re1 Qc5 17.Be3 Qa5 18.h3 Bxf3 19.Bb6 Qh5 20.Bxf3 Qh6 21.Be3 Nd7 22.f5 g5
23.Qd2 Bf6 24.a3 Nc6 25.Nd5 Nce5 26.Be2 Nc5 27.Nxf6+ exf6 28.Bxc5 dxc5 29.Rad1 Qh4
30.Qe3 Rfd8 31.c3 g4 32.Qf4 h5 33.Bf1 Kg7 34.g3 Qg5 35.Be2 gxh3 36.Kh2 Ng4+
37.Bxg4 hxg4 38.Rd5 Qxf4 39.gxf4 Kf8 40.Red1 Rxd5 41.exd5 Re8 42.Kg3 Re2
43.Kxg4 h2 44.Kf3 Rxb2 45.Ke4 Ke7 46.Rh1 b5 47.Kd3 Kd6 48.c4 Rb3+ 49.Kc2 Rxa3
50.cxb5 axb5 51.Kb2 Rh3  0-1

[Event "Las Palmas3"]
[Site "Las Palmas"]
[Date "1993.??.??"]
[Round "8"]
[White "Magem Badals, Jorge"]
[Black "Todorcevic, Miodrag"]
[Result "1-0"]
[WhiteElo "2505"]
[BlackElo "2480"]

1.e4 g6 2.d4 Bg7 3.Nc3 d6 4.g3 Nc6 5.Be3 e5 6.dxe5 Nxe5 7.h3 Nf6 8.f4 Ned7
9.Bg2 O-O 10.Nge2 Re8 11.O-O Nb6 12.Bd4 Be6 13.b3 c5 14.Bf2 d5 15.f5 gxf5
16.exf5 Bxf5 17.Bxc5 Be4 18.Bd4 Nbd7 19.Nxe4 dxe4 20.Rf5 Re6 21.Qc1 Ne8 22.Qf4 Qe7
23.Rf1 Nd6 24.Rh5 Ne5 25.g4 Nf3+ 26.Bxf3 exf3 27.Ng3 Re4 28.Nxe4 Bxd4+ 29.Nf2 Ne4
30.Qxf3 Re8 31.Qd3 Rd8 32.Qe2 Bb6 33.Re1 Re8 34.Kg2 Bxf2 35.Qxe4 Qxe4+ 36.Rxe4 Rxe4
37.Kxf2 Rd4 38.Ke2 b6 39.a4 Kg7 40.a5 Rd6 41.c4 bxa5 42.Rxa5 Rb6 43.Ra3 a6
44.Kd3 Rh6 45.c5 Rxh3+ 46.Kc4 Rg3 47.c6 Rxg4+ 48.Kc5 Rg5+ 49.Kb6  1-0

[Event "Las Palmas Pirez"]
[Site "Las Palmas"]
[Date "1993.??.??"]
[Round "8"]
[White "Garcia Padron, J."]
[Black "Brito, Alfredo"]
[Result "1-0"]
[WhiteElo "2465"]
[BlackElo "2375"]

1.e4 g6 2.d4 Bg7 3.Nc3 d6 4.Nf3 Nf6 5.Be2 Nc6 6.O-O Bg4 7.Be3 e5 8.d5 Ne7
9.Qd2 O-O 10.Rad1 Ne8 11.Ng5 Bc8 12.f4 exf4 13.Bxf4 Nf6 14.Nf3 Ng4 15.Nd4 Ne5
16.Bg5 a6 17.a4 Qe8 18.Rf2 Kh8 19.Rdf1 Ng8 20.b3 h6 21.Bh4 Kh7 22.h3 c5 23.dxc6 bxc6
24.a5 Bb7 25.Nf3 Nxf3+ 26.Rxf3 Be5 27.Bc4 Kg7 28.Rxf7+ Rxf7 29.Rxf7+ Qxf7
30.Bxf7 Kxf7 31.Qf2+ Ke6 32.Qb6 Bxc3 33.Qxb7 Rf8 34.Qxc6  1-0

[Event "Las Palmas Pirez"]
[Site "Las Palmas"]
[Date "1993.??.??"]
[Round "9"]
[White "Menvielle Lacourrelle, Augusto"]
[Black "Todorcevic, Miodrag"]
[Result "0-1"]
[WhiteElo "2305"]
[BlackElo "2480"]

1.e4 g6 2.d4 Bg7 3.Nc3 d6 4.Be3 c6 5.Qd2 Nd7 6.f3 b5 7.Nge2 a6 8.g4 h5 9.gxh5 Rxh5
10.Ng3 Rh8 11.h4 Ngf6 12.O-O-O Qc7 13.Bg5 Bb7 14.f4 b4 15.Nce2 c5 16.Bg2 O-O-O
17.f5 gxf5 18.Nxf5 Bf8 19.d5 Kb8 20.Nf4 Bc8 21.c3 bxc3 22.Qxc3 Ne5 23.Bxf6 exf6
24.Bh3 Bxf5 25.Bxf5 Bh6 26.Rdf1 Ka7 27.Kb1 Rb8 28.Rh2 Rb4 29.Nd3 Rd4 30.Nxe5 fxe5
31.Qc2 Bf4 32.Rh3 Rg8 33.Ra3 Rb8 34.Rb3 Rd2 35.Qc3 Rg8 36.h5 Rgg2 37.a3 Rde2
38.Qc4 Qa5 39.Bc8 Rc2 40.Qd3 c4 41.Rb7+ Ka8 42.Qh3 f5 43.Ka2 c3 44.Rb1 Qc5
45.Qd3 Qa5 46.Qc4 cxb2 47.Qb3 Rxc8 48.h6 Bxh6 49.Rh7 Bg7 50.Qf3 Rc3  0-1

[Event "Leeuwarden op"]
[Site "Leeuwarden"]
[Date "1993.??.??"]
[Round "2"]
[White "Van der Brink, Peter"]
[Black "Kohler, Aran"]
[Result "1-0"]
[WhiteElo "2210"]
[BlackElo "2340"]

1.e4 g6 2.d4 Bg7 3.Nc3 d6 4.f4 Nf6 5.a3 O-O 6.Nf3 b6 7.Bd3 a6 8.O-O c5 9.e5 Ne8
10.Be4 Ra7 11.dxc5 bxc5 12.Be3 Rd7 13.f5 dxe5 14.Qe1 Rd4 15.fxg6 hxg6 16.Bxd4 cxd4
17.Rd1 Nd6 18.Ng5 Bf6 19.Qh4 Bxg5 20.Qxg5 Nxe4 21.Nxe4 Qd5 22.Rde1 Nc6 23.Qh6 f6
24.Qxg6+ Kh8 25.Ng5  1-0

[Event "Leeuwarden op"]
[Site "Leeuwarden"]
[Date "1993.??.??"]
[Round "5"]
[White "Berg, Klaus"]
[Black "Kamstra, Cor"]
[Result "1-0"]
[WhiteElo "2390"]
[BlackElo "2240"]

1.e4 d6 2.d4 g6 3.Nc3 Bg7 4.Be3 Nc6 5.Qd2 e5 6.Nge2 f5 7.exf5 Bxf5 8.dxe5 Nxe5
9.Nd4 Bd7 10.O-O-O Nf6 11.h3 c6 12.f4 Nf7 13.f5 gxf5 14.Bd3 O-O 15.Nxf5 Bxf5
16.Bxf5 Qa5 17.Be6 Rae8 18.Bxf7+ Rxf7 19.Kb1 b5 20.a3 b4 21.Na2 c5 22.axb4 Qa4
23.Rhe1 a5 24.bxc5 dxc5 25.Bxc5 Ne4 26.Qd5 Qb5 27.b3 a4 28.Rxe4 Rxe4 29.Qxe4 Qxc5
30.Qxa4 Qe5 31.Rd8+ Rf8 32.Qc4+ Kh8  1-0

[Event "Leeuwarden op"]
[Site "Leeuwarden"]
[Date "1993.??.??"]
[Round "6"]
[White "Lau, Ralf"]
[Black "Nijboer, Friso"]
[Result "1-0"]
[WhiteElo "2510"]
[BlackElo "2555"]

1.e4 d6 2.d4 g6 3.Nc3 Bg7 4.f4 Nf6 5.Nf3 c5 6.Bb5+ Bd7 7.Bxd7+ Nbxd7 8.d5 O-O
9.a4 a6 10.Qe2 Qc7 11.O-O Rac8 12.e5 dxe5 13.fxe5 Ng4 14.e6 Bd4+ 15.Kh1 Ndf6
16.g3 Nh5 17.Nxd4 cxd4 18.Qxg4 dxc3 19.Bh6 f5 20.Qd4 cxb2 21.Rab1 Rf6 22.Rxb2 Rd8
23.Qb6 Qxb6 24.Rxb6 Rxd5 25.Rxb7 Ng7 26.Rxe7 Nxe6 27.Rb1 Rd8 28.Re1 Rd6 29.h4 g5
30.hxg5 Rg6 31.Ra7 Rc6 32.Rb1 Rc8 33.Rb6 Nc5 34.a5 Ne4 35.Raxa6 Rxb6 36.axb6 Kf7
37.g6+ hxg6 38.Bf4 Nc5 39.Ra5 Ne6 40.b7 Rh8+ 41.Kg1 Nxf4 42.Ra8 Ne2+ 43.Kg2  1-0

[Event "Leeuwarden op"]
[Site "Leeuwarden"]
[Date "1993.??.??"]
[Round "8"]
[White "Ankerst, Mihael"]
[Black "Kohler, Aran"]
[Result "1-0"]
[WhiteElo "2205"]
[BlackElo "2340"]

1.e4 g6 2.d4 Bg7 3.Nc3 d6 4.f4 c6 5.Be3 b5 6.a3 a6 7.Nf3 Nh6 8.Bd3 O-O 9.Qd2 f5
10.e5 d5 11.h3 e6 12.Nd1 Nd7 13.a4 Nb6 14.axb5 cxb5 15.b3 Bb7 16.Nf2 Qc7
17.Be2 Rfc8 18.Nd3 Nd7 19.Nc5 Nxc5 20.dxc5 Nf7 21.Kf2 Bf8 22.b4 a5 23.c3 Bc6
24.Nd4 Qd7 25.Rxa5 Rxa5 26.bxa5 g5 27.g3 Bxc5 28.Rb1 gxf4 29.gxf4 Bxd4 30.Bxd4 Qd8
31.Rg1+ Kh8 32.Qe3 Qh4+ 33.Qg3 Qxg3+ 34.Rxg3 Ra8 35.Bc5 Nh6 36.Bh5 d4 37.cxd4 Ng8
38.Bf7 Bd5 39.a6 Nh6 40.Be7 Ng8 41.Bxg8  1-0

[Event "Liechtenstein op"]
[Site "Liechtenstein"]
[Date "1993.??.??"]
[Round "3"]
[White "Szalanczy, Emil"]
[Black "Davies, Nigel R"]
[Result "0-1"]
[WhiteElo "2360"]
[BlackElo "2505"]

1.e4 g6 2.d4 Bg7 3.Nc3 d6 4.Be3 a6 5.Qd2 Nd7 6.Nf3 b5 7.a4 b4 8.Ne2 Rb8 9.Ng3 c5
10.Bd3 cxd4 11.Nxd4 Qc7 12.O-O h5 13.Rfc1 h4 14.Nge2 Ngf6 15.c3 b3 16.f3 d5
17.exd5 Nxd5 18.Re1 e5 19.Bf2 O-O 20.Nxb3 Rxb3 21.Bxg6 N7f6 22.Bb1 Qb7 23.Bxh4 Rxb2
24.Qg5 Nh7 25.Qc1 Be6 26.Bd3 Rc8 27.Bxa6 Qxa6 28.Qxb2 e4 29.fxe4 Nxc3 30.Nxc3 Bxc3
31.Qb5 Qa8 32.a5 Bxa1 33.Rxa1 Qxe4 34.Bf2 Bd5 35.Qf1 Ng5 36.Re1 Nf3+ 37.gxf3 Qxf3
38.Bg3 Qh1+ 39.Kf2 Rc2+ 40.Ke3 Qe4+  0-1

[Event "Liechtenstein op"]
[Site "Liechtenstein"]
[Date "1993.??.??"]
[Round "5"]
[White "Bancod, Ronald"]
[Black "Davies, Nigel R"]
[Result "0-1"]
[WhiteElo "2465"]
[BlackElo "2505"]

1.e4 g6 2.d4 Bg7 3.Nc3 d6 4.Nge2 a6 5.a4 Nc6 6.Be3 e5 7.a5 exd4 8.Nxd4 Nf6
9.f3 O-O 10.Bc4 Ne5 11.Bb3 c5 12.Nde2 Nc6 13.O-O Re8 14.Qd2 Nxa5 15.Rfd1 Nxb3
16.cxb3 Be6 17.Qxd6 Bxb3 18.Qxd8 Raxd8 19.Rxd8 Rxd8 20.Bxc5 Rd2 21.Be3 Rxb2
22.Bc1 Rc2 23.Rb1 Bc4 24.Rxb7 Bxe2 25.Nxe2 Rxe2 26.Rb8+ Bf8 27.Bh6 Nd7 28.Rd8 Rb2
29.Bf4 Rb7 30.Ra8 Rb6 31.Rd8 Nc5 32.Be3 Rc6 33.g4 Ne6 34.Ra8 Kg7 35.Kg2 Rc2+  0-1

[Event "Liechtenstein op"]
[Site "Liechtenstein"]
[Date "1993.??.??"]
[Round "9"]
[White "Metz, Hartmut"]
[Black "Davies, Nigel R"]
[Result "0-1"]
[WhiteElo "2275"]
[BlackElo "2505"]

1.e4 g6 2.d4 Bg7 3.Nc3 d6 4.h3 a6 5.Nf3 b5 6.Bd3 Nd7 7.Be3 c5 8.Qd2 Bb7 9.a4 b4
10.Ne2 Qc7 11.c4 cxd4 12.Bxd4 Ngf6 13.Qxb4 e5 14.Be3 Nxe4 15.Rd1 Ndc5 16.Bxe4 Bxe4
17.Bxc5 dxc5 18.Qa3 O-O 19.O-O Qb7 20.Qxc5 Rac8 21.Qe3 Bxf3 22.Qxf3 e4 23.Qe3 Rxc4
24.b3 Rb4 25.Rb1 Rd8 26.Rfd1 Rxd1+ 27.Rxd1 h5 28.Nc1 Kh7 29.Qc5 Rb6 30.Qd5 Qxd5
31.Rxd5 Bh6 32.Rc5 Rd6 33.Ne2 Rd1+ 34.Kh2 Rd2 35.Ng3 Bf4 36.Kg1 e3 37.Nf1 exf2+  0-1

[Event "SWE-chA"]
[Site "Lindesberg"]
[Date "1993.??.??"]
[Round "?"]
[White "Moberg, Karl Johan"]
[Black "Vinke, Dietmar"]
[Result "1/2-1/2"]
[WhiteElo "2300"]
[BlackElo "2275"]

1.e4 g6 2.d4 Bg7 3.Nc3 d6 4.Be3 a6 5.f4 b5 6.Nf3 Bb7 7.Bd3 b4 8.Ne2 Nf6 9.Ng3 Nbd7
10.O-O O-O 11.f5 c5 12.c3 a5 13.Qd2 Ng4 14.Bg5 cxd4 15.cxd4 Qb6 16.Be2 e5
17.fxe6 fxe6 18.Kh1 Rae8 19.h3 Ngf6 20.Bd3 d5 21.e5 Ne4 22.Bxe4 dxe4 23.Nh2 e3
24.Bxe3 Qc6 25.Nf3 Nb6 26.Rac1 Qd7 27.Bh6 Bd5 28.Bxg7 Kxg7 29.b3 Qb7 30.Nh2 h5
31.h4 Kh7 32.Rf2 Qe7 33.Rcf1 Nd7 34.Kg1 Qxh4  1/2-1/2

[Event "SWE-chA"]
[Site "Lindesberg"]
[Date "1993.??.??"]
[Round "?"]
[White "Bergstrom, Rolf"]
[Black "Burwick, Malte"]
[Result "1/2-1/2"]
[WhiteElo "2240"]
[BlackElo "2225"]

1.d4 g6 2.e4 Bg7 3.Nc3 d6 4.Be3 a6 5.h4 Nf6 6.f3 b5 7.g4 b4 8.Nce2 h5 9.g5 Nfd7
10.Qd2 a5 11.a3 bxa3 12.Rxa3 c5 13.dxc5 dxc5 14.Qd5 Ra6 15.Nc3 e6 16.Qd2 Ra8
17.f4 Bb7 18.Nge2 O-O 19.Bg2 Qe7 20.O-O Rd8 21.Rd1 Nc6 22.Qc1 Nb6 23.Bf2 Nd4
24.Ng3 Bc6 25.Re1 Qb7  1/2-1/2